MDQL
is popping MORE tags! Check the
thread
!
Quizzes
Events
Quiz Creation
Community
Videos
Private Events
Remove Ads
Sign In
Join for FREE
Feedback
Dark Mode
Quiz Categories
Sports
Geography
Music
Movies
Television
Just For Fun
Miscellaneous
History
Literature
Language
Science
Gaming
Entertainment
Religion
Holiday
For Kids
Quiz Lab
Recent
Popular Today
Quiz Kudos Today
Editor Picks
Curator Picks
Quizzes by...
Day
Popularity
Type
Ratings
Length
Year
Community
Subscriptions
Recent Discussions
Orange Saloon
Badges
Playlists
Quests
Create
Leaderboards
Showdown
Live 5
Trivia Bingo
Activity
Puzzle Library
Sporcle Events
Private Events
Virtual Trivia
Globe League
Become a Host
Pub Owners
SporcleCon
Opinionation
Our Games
Videos
Blog
Mobile Apps
Partnerships
Remove Ads and Go Orange
Feedback
Just For Fun
Clickable
Get the Picture
Humor
Quick Pick
Word Ladder
Missing Word
Mixed Word
Blitz
Minefield
This or That
Alphabet
Color
Typing
Sporcle
Puzzle
Word Play
Follow That Line
Logic
Just For Fun
Clickable
Get the Picture
Humor
Quick Pick
Word Ladder
Missing Word
Mixed Word
Blitz
Minefield
This or That
Alphabet
Color
Typing
Sporcle
Puzzle
Word Play
Follow That Line
Logic
Random Quiz
Search Sporcle
×
Quiz Lab
Quiz Lab
Just For Fun
Click on answers out of a set of options
Click on answers out of a set of options
Multiple Choice
Best Score? Go Orange.
Guess AJ Stats
Guess AJ
By
benben69
20m
15 Questions
12 Plays
12 Plays
12 Plays
Comments
Comments
Give Quiz Kudos
Give Quiz Kudos
-
- Ratings
hide this ad
More Info
Random Order
Randomize order of answers
Randomize order of answers
Replay
Link that replays current quiz
Next Quiz
Link to next quiz in quiz playlist
You Got
0%
They Got
Avg Score
73%
Avg Friend Score
Upgrade to see
Score Distribution
Jump to the score distribution portion of the page
Score
0/15
Timer
20:00
0
Plays Today
Question
Answer
Wrong Answers
What doesn't AJ know?
What jizz is
91.7%
how to do math
0%
how to tie a tie
8.3%
What song of Aj's reached number one
Price tag
91.7%
Barbie girl
0%
rap god
8.3%
What is Aj's favourite toping on sweet potato
chocolate
91.7%
cheese
8.3%
beans
0%
What is Aj's favourite flavour of rock?
Christine
91.7%
Mint
0%
Strawberry
8.3%
What is AJ's favourite curry?
chantelle
83.3%
Vindaloo
16.7%
Tikka Masala
0%
In the back of polish Mick's car what did Ajay sing?
Justin bieber
83.3%
wheels on the bus
8.3%
phantom of the opera
8.3%
What happens to Aj's when he gets scared in mick's car?
shouts oii and spits everywhere
75%
He screams
0%
He wees himself
16.7%
What is AJ's nickname
Darmindersaurus
75%
AJ
25%
Barry
0%
Why was AJ late to football?
He fell off his bike
75%
We was spending quality time with Chantelle
8.3%
He had to go to the doctor about dat nose
8.3%
How many balls has AJ headed?
Only lawrence's
75%
n/a
8.3%
2
8.3%
On the way to the seaside how did AJ get lost?
He thought there was only on cash machine and jumped out the car to go to it
66.7%
He sore a solid 2 out of 10 and followed her
8.3%
He sore some boys struggling to bench and show them how to do it
16.7%
What is AJ scared of?
Polish Micks driving
66.7%
Talha
16.7%
Mayo
8.3%
What racial act happened to Aj at school?
Teacher said ay up
58.3%
Got jumped by White boy Wilson
16.7%
Wasnt allowed to Alton towers
16.7%
What did Aj do at school?
Ran away from Talha
50%
smashed a window playing football
33.3%
found the love of his life Chantelle
8.3%
Who is Aj's GF
Beth Baker
25%
Beth Baker
16.7%
Beth Baker
16.7%
Beth Baker
33.3%
Quiz Playlist
Details
Report
Send in Message
Add To Playlist
More Info:
Round 2 of the rips
Multiple Choice:
Click on answers out of a set of options
Random Order:
Randomize order of answers
Last Updated: May 30, 2017
Quiz Scoreboard
CHALLENGE
Sign Up to Join the Scoreboard
Show All
Scores
Hide
Comments
May contain spoilers
Recently Published
Find the 'City' Movie
by crazypaving
Movies
60s
5x2 Blitz: Bands
by SL_Kpop136
Music
30s
Colored Red Africa Blitz
by spor1
Geography
30s
More to Explore
Quiz From the Vault
Featured Blog Post
14 Easter Pick-up Lines to Find Eggs With
hide this ad
You Might Also Like...
Tags
This quiz does not have any tags.
Today's Top Quizzes in Just For Fun
Browse Just For Fun
hide this ad
Top Contributed Quizzes in Just For Fun
1
Name Just One - 10 to 1: Just For Fun
2
Avatar the Last Airbender: Logic Puzzle
3
Missing Word: 2-Letter A-Z II
4
Missing Letter Whitney Houston Songs
5
Survivor Winners Logic Puzzle
6
It's Magic / Witchcraft 🎩🪄🧙♀️
7
Missing Word: 'Of' Things A-Z
8
Shadowhunters Protagonists Logic Quiz
9
Quick 5-Color Logic (18)
10
Medium Renzoku Puzzle 11
Explore More
Trending Topics
Disney
Marvel
NBA
Harry Potter
Kpop
Anime
Crossword
Soccer
Pokémon
Song
Country
Puzzle
NFL
The Office
WWE
hide this ad
More By:
benben69
Quiz
Plays
Rating
Category
Featured
Created
Guess AJ
12
1.00
Just For Fun
May 23, 2017
Go to Creator's Profile
Score Distribution
Quiz Creator Spotlight
benben69
Follow
Send a Message
Quizzes Created
-
Created Quiz Play Count
-
More By This Creator
Popular Quizzes Today
1
Colored Red Africa Blitz
2
Find the 'City' Movie
3
Find the US States - No Outlines Minefield
4
5x2 Blitz: Bands
5
The Countries of the World
6
Find the US States
7
US States
8
Find the Countries of Europe - No Outlines Minefield
More Just For Fun Quizzes
Missing Word: NFL Hall of Fame TEs
Published
Trending Quizzes
Colored Red Europe Blitz I
Colored Red Europe Blitz II
Colored Red Africa Blitz II
Colored Red Europe Blitz III
Colored Red Africa Blitz III
Recently Updated
How Do You Spell That?
pecheneg
Godzilla Movies
pecheneg
Grab Bag: 4-10 Letters
pecheneg
2024 March Madness Bracket
pecheneg
Famous TV Couples
Peacemaker
Champions League XIs: Real Madrid
pecheneg
Largest US Cities 1790-2010
pecheneg
Rides in Walt Disney World
pecheneg
Most Oscar Losses (Acting)
pecheneg
Beyoncé Albums
pecheneg
Trending Topics
Kpop
NBA
Disney
Marvel
Harry Potter
Anime
Crossword
Country
Song
Soccer
Puzzle
WWE
Pokémon
NFL
The Office
Your Account Isn't Verified!
In order to create a playlist on Sporcle, you need to verify the email address you used during registration. Go to your
Sporcle Settings
to finish the process.
Report this User
Report this user for behavior that violates our
Community Guidelines
.
Details:
Send Report
Go to the Sporcle.com Mobile Site →
Comments